• 首页
  • 本馆介绍
  • 公告通知
  • 最新文献
  • 馆藏检索
  • 电子资源
  • 读者导购
  • 参考咨询
  • 我的图书馆
  • 登录
  • 详细信息显示
  • 放入我的书架
  • 预约/预借图书
  • 作者相关作品
  • 分类相关作品
  • 丛书相关作品
  • 出版社相关作品

书目信息

  • 表格格式
  • 工作单格式
  • 卡片格式
题名:
欧洲广岛
    
 
作者: Cagnat , 卡那 著 ;马为民 译
分册:  
出版信息: 北京   世界知识出版社  1982
页数: 130页
开本: 19cm
丛书名:
单 册:
中图分类: D518
科图分类:
主题词: 国际政治--欧洲
电子资源:
ISBN:
000 00904nam0 2200289 45
001 0182008269
005 20060731155932.09
010    @dCNY0.40
091    @aCN@b3003.1638
100    @a19950628d1982 emky0chiy0121 ea
101 1  @achi@cfre
102    @aCN@b110000
105    @ay z 000yy
200 10 @a欧洲广岛@Aou zhou guang dao@f(法)雷内.卡那(R. Cagnat)著@e建设有防务的欧洲@g马为民译
210    @a北京@c世界知识出版社@d1982
215    @a130页@d19cm
300    @a书名原文:Euroshima-Construire L'Europe de la Defense
510 1  @aEuroshima-Construire L'Europe de la Defense@zfre
517 1  @a建设有防务的欧洲@Ajian she you fang wu de ou zhou
606    @a国际政治@y欧洲
690    @aD518@v3
701 A1 @aCagnat@bR.@4著
701  1 @a卡那@Aka na@b雷内@4著
702  0 @a马为民@Ama wei min@4译
801  2 @aCN@bNLC@c20060731
801  0 @aCN@bTSSF@c20060728
905    @a10447@dD518@e112
    
    欧洲广岛/(法)雷内.卡那(R. Cagnat)著:建设有防务的欧洲/马为民译.-北京:世界知识出版社,1982
    130页;19cm
    书名原文:Euroshima-Construire L'Europe de la Defense
    
    ISBN :CNY0.40
    
●
相关链接 在E读中查询图书 在五车中查询图书 在当当中查询图书 在豆瓣中查询图书


正题名:欧洲广岛     索取号:D518/112         预约/预借

序号 登录号 条形码 馆藏地/架位号 状态 备注
1 0425533   204255331   密集书库/ [索取号:D518/112] 在馆    
2 0440644   204406446   密集书库/ [索取号:D518/112] 在馆    
3 0440948   204409489   密集书库/ [索取号:D518/112] 在馆    
4 0440949   204409498   密集书库/ [索取号:D518/112] 在馆    
唐山师范学院图书馆 欢迎您!
大连网信软件有限公司© 版权所有